| 000 | 00430nam a2200181Ia 4500 | ||
|---|---|---|---|
| 003 | STCL | ||
| 008 | 221019s9999 xx 000 0 und d | ||
| 020 | _a9788173711169 | ||
| 040 |
_aSTCL _cSTCL _bEN |
||
| 082 | _222 | ||
| 100 | _aKrantz, Steven G | ||
| 245 | 0 | _aTechniques of problem solving | |
| 260 |
_bUniversities Press _aHyderabad _c2010 |
||
| 300 | _a465 p | ||
| 365 | _b495 | ||
| 546 | _aEnglish | ||
| 942 |
_cBK _2DDC _e22 |
||
| 999 |
_c87451 _d87451 |
||